00926cam a22002655a 45000010009000000050017000090080041000260200018000670400033000850820026001181000034001442450054001782500012002322600043002443000032002875000024003195040041003436500031003846500039004156530024004546550024004789420008005029990017005109520133005271810775720161010145253.0140408t2015 enka frb 001 0 eng d a9781118808566 aDLCbengcDLCdDLCdEG-ScBUE04a330.01519233222bEND1 aEnders, Walter,d1948-94140610aApplied econometric time series /cWalter Enders. a4th ed. aHoboken :bJohn Wiley & Sons,cc.2015. ax, 485 p. :bill. ;c24 cm. aIndex : p. 479-485. aIncludes bibliographical references. 7aEconometrics.2BUEsh93215 7aTime-series analysis.2BUEsh93156 bBUSECOcOctober2016 vReading book934232 2ddc c22493d22465 00102ddc40708BaccahaMAINbMAINc1STd2016-10-10ePurchaseg1130.00l0o330.01519233 ENDp000033968r2025-07-15 00:00:00yBB